Estrategias pasivas de diseño bioclimático
Αποθηκεύτηκε σε:
| Κύριος συγγραφέας: | |
|---|---|
| Άλλοι συγγραφείς: | , , , , , |
| Μορφή: | Άγνωστο |
| Γλώσσα: | Spanish |
| Έκδοση: |
[San José,Costa Rica]
2012
|
| Θέματα: | |
| Διαθέσιμο Online: | https://cedi.ucr.ac.cr/arquitectura/estrategias-pasivas-de-diseno-bioclimatico/ |
| Ετικέτες: |
Προσθήκη ετικέτας
Δεν υπάρχουν, Καταχωρήστε ετικέτα πρώτοι!
|
MARC
| LEADER | 00000 a2200000 4500 | ||
|---|---|---|---|
| 003 | EA0049 | ||
| 005 | 20230824162034.0 | ||
| 008 | 140114s2012 cr a 000 ||spa d | ||
| 040 | |c cru CEDI | ||
| 090 | |a TFG EA-049 | ||
| 100 | |a Arce Villarreal, Esteban |9 20013 | ||
| 245 | |a Estrategias pasivas de diseño bioclimático | ||
| 246 | |a Guía de estrategias pasivas de diseño bioclimático para alcanzar el confort higrotérmico en espacios educativos | ||
| 260 | |a [San José,Costa Rica] |c 2012 | ||
| 500 | |a Seminario de graduación (licenciatura en arquitectura)--Universidad de Costa Rica. Facultad de Ingeniería. Escuela de Arquitectura, | ||
| 501 | |a Director del proyecto: Máster José Alí Porras Salazar | ||
| 650 | |x ARQUITECTURA Y CLIMA |x ARQUITECTURA Y CLIMA - ESTUDIO DE CASOS |x EDIFICIOS - PROPIEDADES TERMICAS |x DISEÑO ARQUITECTONICO - ASPECTOS AMBIENTALES |9 20019 | ||
| 700 | |9 20014 |a Fernández Marín, Dayana | ||
| 700 | |9 20015 |a Herrera Villalobos, María José | ||
| 700 | |9 20016 |a Rodríguez Vargas, Sebastián | ||
| 700 | |9 20017 |a Vásquez Méndez, Alejandra | ||
| 700 | |9 20018 |a Vega Arias, Carlos | ||
| 700 | |9 90 |a Porras Salazar, José Alí, 1976- |d Director del TFG | ||
| 856 | |u https://cedi.ucr.ac.cr/arquitectura/estrategias-pasivas-de-diseno-bioclimatico/ |y https://cedi.ucr.ac.cr/arquitectura/estrategias-pasivas-de-diseno-bioclimatico/ | ||
| 942 | |c CEDI |2 ddc | ||
| 999 | |c 12746 |d 12746 | ||
